Carregant...

Sahithya Sarani /

Dades bibliogràfiques
Autor principal: Padmanabhanunni. D.
Format: Printed Book
Idioma:Malayalam
Publicat: Kottayam Vidyarthimithram Bk depot 1124 1964
Kottayam Auroville publishers, 1969
Vidhyarthrimithram Vidhyarthrimithram 1123
LEADER 01316nam a2200217Ia 4500
008 111205s9999 xx 000 0 mal d
100 |a Padmanabhanunni. D. 
245 |a Sahithya Sarani /  |c Padmanabhanunni. D. 
260 |b Vidyarthimithram Bk depot  |a  Kottayam  |c 1124  |c 1964 
260 |b Auroville publishers,   |a Kottayam  |c 1969 
260 |b Vidhyarthrimithram  |a Vidhyarthrimithram  |c 1123 
300 |a 114 
942 |c BK 
999 |c 201785  |d 201785 
952 |0 0  |1 0  |4 0  |6 S_3R3  |7 0  |9 223294  |a MAL  |b MAL  |c SEC  |d 1998-06-17  |g 0.00  |j 127  |l 0  |o S3R3  |p MAL13005  |r 2015-04-13  |v 0.00  |w 2015-04-13  |y BK  |k 1.00 
952 |0 0  |1 0  |2 ddc  |4 0  |6 S_2R4  |7 0  |9 223296  |a MAL  |b MAL  |c SEC  |d 1998-06-17  |g 0.00  |l 0  |o S2R4  |p MAL13304  |r 2011-12-05  |v 0.00  |w 2011-12-05  |y BK 
952 |0 0  |1 0  |4 0  |6 S_3R2  |7 0  |9 224865  |a MAL  |b MAL  |c SEC  |d 1998-06-17  |g 1.00  |j 127  |l 0  |o S3R2  |p MAL15866  |r 2015-04-13  |v 1.00  |w 2015-04-13  |y BK  |k 1.00 
952 |0 0  |1 0  |2 ddc  |4 1  |7 0  |9 240649  |a MAL  |b MAL  |c ST1  |d 1998-06-17  |g 1.00  |l 0  |p MAL2843  |r 2015-04-13  |v 1.00  |y BK 
952 |0 0  |1 0  |2 ddc  |4 0  |6 S_2R4  |7 0  |9 247809  |a MAL  |b MAL  |c SEC  |d 1998-06-17  |g 0.00  |l 0  |o S2R4  |p MAL5264  |r 2015-04-13  |v 0.00  |w 2015-04-13  |y BK 
952 |0 0  |1 0  |4 0  |6 S_3R3  |7 0  |9 247810  |a MAL  |b MAL  |c SEC  |d 1998-06-17  |g 0.00  |j 127  |l 0  |o S3R3  |p MAL5627  |r 2015-04-13  |v 0.00  |w 2015-04-13  |y BK  |k 1.00 
952 |0 0  |1 0  |2 ddc  |4 1  |7 0  |9 247851  |a MAL  |b MAL  |c ST1  |d 1998-06-17  |g 1.00  |l 0  |p MAL3066  |r 2015-04-13  |v 1.00  |y BK